Základní sídelní jednotky města Kladna - Statistics

General Stats
  • This quiz has been taken 20 times
  • The average score is 24 of 51
Answer Stats
Hint Answer % Correct
Vrapice Vrapice
100%
Dubí u Kladna Dříň
82%
Dubí u Kladna Dubí
82%
Hnidousy Hnidousy
82%
Motyčín Motyčín
82%
Kročehlavy Bažantnice
73%
Kladno Bresson
73%
Kladno Ostrovec
73%
Kladno Podprůhon
73%
Kročehlavy Výhybka
73%
Kladno Cikánka
64%
Kladno Habešovna
64%
Kladno Nemocnice
64%
Kladno Rozdělov-sever
64%
Rozdělov Bílé vršky
55%
Kladno Kladno-střed
55%
Kladno Rozdělov-jih
55%
Kročehlavy Stará průmyslová zóna-jih
55%
Dubí u Kladna Stará průmyslová zóna-sever
55%
Kladno Stará průmyslová zóna-západ
55%
Rozdělov Starý Rozdělov
55%
Kročehlavy U Hvězdy
55%
Kročehlavy Zabitý
55%
Kladno Nové Kladno
45%
Kladno Petra Bezruče
45%
Kročehlavy Sídliště Sítná
45%
Kročehlavy Staré Kročehlavy
45%
Kročehlavy U Bažantnice
45%
Kročehlavy U tržnice
45%
Kladno U zimního stadionu
45%
Hnidousy Hnidousy-jih
36%
Kročehlavy Nádraží
36%
Kročehlavy Staré Kročehlavy-sever
36%
Hnidousy U dolu Ronna
36%
Dubí u Kladna U Jana
36%
Kročehlavy U Kročehlavského rybníka
36%
Kročehlavy U masokombinátu
36%
Kročehlavy Václavské náměstí
36%
Dubí u Kladna Dříň-průmyslový obvod
27%
Rozdělov Lapák
27%
Kročehlavy Norská
27%
Kladno Štěpánka
27%
Kročehlavy U Pražské ulice
27%
Kladno Západní lesy
27%
Kročehlavy K Přítočnu
18%
Kročehlavy Milíř
18%
Dubí u Kladna Újezd
18%
Kročehlavy U rozvodny
18%
Dubí u Kladna Dlouhé boroviny
9%
Dubí u Kladna Na vysokém
0%
Hnidousy Za borkem
0%
No matching quizzes found
Score Distribution
Percent of People with Each Score
Percentile by Number Answered
Your Score History
You have not taken this quiz